| 000 | 01554cam a22002054a 4500 | ||
|---|---|---|---|
| 005 | 20250605163356.0 | ||
| 008 | 250528s ||||||||||||||||||||||||d | ||
| 035 | _a17872 | ||
| 020 | _a9789603901853 | ||
| 040 |
_aGR-AtMCL _bgre _dGR-AtMCL _eAACR2 |
||
| 245 | 1 | _aΤουριστική Οικονομία | |
| 250 | _a3η | ||
| 260 |
_bInterbooks, _c2007 |
||
| 300 | _a468 | ||
| 520 | _aΠρόλογος, Η Τουριστική Οικονομία Δυναμικός Κλάδος Οικονομικής Δραστηριότητας, Οι Βασικές Εισαγωγικές Έννοιες της Τουριστικής Οικονομίας, Η Συμπεριφορά του Τουρίστα και η Ζήτηση Τουριστικών Προϊόντων, Οι Βασικές Αρχές που Διέπουν την Τουριστική Παραγωγή, Οι Βασικοί Συντελεστές Παραγωγής Τουριστικών Πακέτων, Το Κόστος Παραγωγής και η Προσφορά Τουριστικών Προϊόντων, ΗΜέτρηση και η Πρόβλεψη της Τουριστικής Ζήτησης, Η Τιμή και Ποσότητα Ισορροπίας Ενός Τουριστικού Προϊόντος, Η Ανάπτυξη της Τουριστικής Οικονομίας, Επίλογος, Βιβλιογραφία, Ευρετήριο Ονομάτων και Θεμάτων. | ||
| 700 | 1 | _aΗγουμενάκης Νίκος Γ | |
| 942 | _cBK | ||
| 999 |
_c3271 _d3271 |
||